Environmental performance measurement

Đã lưu trong:
書目詳細資料
主要作者: DANIEL ESTY
格式: 圖書
語言:Undetermined
出版: Oxford 2001
標簽: 添加標簽
沒有標簽, 成為第一個標記此記錄!
Thư viện lưu trữ: Trung tâm Học liệu Trường Đại học Cần Thơ
LEADER 00398nam a2200145Ia 4500
001 CTU_49650
008 210402s9999 xx 000 0 und d
082 |a 310 
082 |b E61 
100 |a DANIEL ESTY 
245 0 |a Environmental performance measurement 
245 0 |c DANIEL ESTY, Peter K. Cornelius 
260 |b Oxford 
260 |c 2001 
980 |a Trung tâm Học liệu Trường Đại học Cần Thơ